00843nam a22002417a 450000500170000001000130001702000210003003500130005103700160006404000120008008200130009210000220010524501040012726000340023127000320026530000280029750000400032565000440036565000310040994200220044099900190046295201200048120170124110101.0 aA-306141 c00.00a533049806 aA-306141 bCen Lib/Ret aDPLbEN a960bRAJ aRaju, R.K.924543 aWhy Africa? :cby R.K.Rajubfirst Indian journalist's impressions of the so-called dark continent / bVantage PressaNew Yorkc1982 a516 West 34th Streete10001 a125p. :c20cm(Hb)bill. aIncludes bibliographical references aKenya -- Social life and customs927108 aManners and customs927109 2ddccENh960mRAJ c129677d129677 00104070aLbLd2015-07-07eCen Lib/Retg0.00l0o960 RAJpA-306141r2015-07-07 00:00:00t1v0.00w2015-07-07yEN